000 00751cam a2200277 4500500
005 20260405003827.0
041 _afre
042 _adc
100 1 0 _aKlein, Étienne
_eauthor
245 0 0 _aQue peut-on opposer à la violence ?
260 _c2024.
500 _a30
690 _aAgression
690 _aAutodéfense
690 _aDroit
690 _aElsa Dorlin
690 _aFéminicide
690 _aGuerre
690 _aJustice
690 _aPolice
690 _aRésistance
690 _aViolence
690 _aYves Michaud
786 0 _nPhilosophie magazine | 177 | 3 | 2024-03-01 | p. 26-26 | 1951-1787
856 4 1 _uhttps://shs.cairn.info/magazine-philosophie-magazine-2024-3-page-26?lang=fr&redirect-ssocas=7080
999 _c2071208
_d2071208